Spoutaný život : (kapitoly z psychoonkologie) /

Main Author: Haškovcová, Helena, 1945-
Language: Czech
Published: Praha : 3. lékařská fakulta Univerzity Karlovy, 1991
Physical Description: 331 stran ; 21 cm
Book
Saved in:
LEADER 01411nam a2200409 i 4500
001 001706336
003 CZ BrMZK
005 20191203070234.0
007 ta
008 190912s1991 xr e f 000 0 cze
015 |a cnb000530590 
020 |q (Brožováno) 
040 |a ABA001  |b cze  |d ABA001  |d BOA001  |e rda 
072 7 |a 616  |x Patologie. Klinická medicína  |2 Konspekt  |9 14 
080 |a 614.253  |2 MRF 
080 |a 61:159.9  |2 MRF 
080 |a 616-036.88-052  |2 MRF 
080 |a 616-036.887  |2 MRF 
080 |a 159.9  |2 MRF 
080 |a (035)  |2 MRF 
100 1 |a Haškovcová, Helena,  |d 1945-  |7 jk01040120  |4 aut 
245 1 0 |a Spoutaný život :  |b (kapitoly z psychoonkologie) /  |c Helena Haškovcová 
264 1 |a Praha :  |b 3. lékařská fakulta Univerzity Karlovy,  |c 1991 
300 |a 331 stran ;  |c 21 cm 
336 |a text  |b txt  |2 rdacontent 
337 |a bez média  |b n  |2 rdamedia 
338 |a svazek  |b nc  |2 rdacarrier 
504 |a Obsahuje bibliografii 
650 0 7 |a lékař a pacient  |7 ph122494  |2 czenas 
650 0 7 |a lékařská psychologie  |7 ph122505  |2 czenas 
650 0 7 |a nevyléčitelně nemocní  |7 ph123280  |2 czenas 
650 0 7 |a umírání  |7 ph126927  |x psychologické aspekty  |2 czenas 
655 7 |a příručky  |7 fd133209  |2 czenas 
910 |a BOA001  |b 2-1433.369 
990 |a BK 
991 |b 201912 
996 6 |b 2610795776  |c 2-1433.369  |l MZK  |r Sklad / do 1 hodiny  |n 1  |p dar  |w 001756384  |u 000010  |a 1  |e BOA001  |j MZK50  |s P